| 000 | 00715 a2200193 4500 | ||
|---|---|---|---|
| 003 | Nust | ||
| 005 | 20230131122924.0 | ||
| 010 | _a40035225 | ||
| 040 | _cNust | ||
| 082 | _a940.546,DUK | ||
| 100 |
_aDukes, Paul, Sir, _9108220 |
||
| 245 |
_aAn EPIC of the Gestapo : _bthe story of a strange search / _cSir Paul Dukes, K. B. E. _hwith 11 half-tone illustrations |
||
| 260 |
_aLondon, Toronto _bCassell _c1940 |
||
| 300 |
_a283, [1] p _b front _cillus _e(incl. map) plates _fports _gfacsism. 22cm |
||
| 505 | _aIntroduction (Page-1), The Enigma (Page-15), The Solution (Page-107), Epilogue (Page-269). | ||
| 600 |
_aDukes, Paul, Sir, _9108220 |
||
| 650 |
_aAtrocities of second world war _9108221 |
||
| 942 |
_2ddc _cBK |
||
| 999 |
_c187192 _d187192 |
||